The Shōwa anthology : (Record no. 63144)
[ view plain ]
| 000 -LEADER | |
|---|---|
| fixed length control field | 01032nam a2200289 a 4500 |
| 001 - CONTROL NUMBER | |
| control field | 63144 |
| 003 - CONTROL NUMBER IDENTIFIER | |
| rucl marc code | BD-RjUL |
| 005 - DATE AND TIME OF LATEST TRANSACTION | |
| control field | 20211209081149.0 |
| 008 - FIXED-LENGTH DATA ELEMENTS--GENERAL INFORMATION | |
| fixed length control field | 170128s1989 ja 000 0 eng d |
| 020 ## - INTERNATIONAL STANDARD BOOK NUMBER | |
| International Standard Book Number | 0870119222 |
| 035 ## - SYSTEM CONTROL NUMBER | |
| System control number | (BD-RjUL)63272 |
| 040 ## - CATALOGING SOURCE | |
| Original cataloging agency | BD-RjUL |
| Language of cataloging | eng |
| Transcribing agency | BD-RjUL |
| 041 1# - LANGUAGE CODE | |
| Language code of text/sound track or separate title | eng |
| Language code of original | jpn |
| 082 ## - DEWEY DECIMAL CLASSIFICATION NUMBER | |
| Edition number | 22 |
| Classification number | 895.630108 |
| Author mark and year | SHO 1989 |
| 245 04 - TITLE STATEMENT | |
| Title | The Shōwa anthology : |
| Remainder of title | modern Japanese short stories, 1929-1984 / |
| Statement of responsibility, etc. | edited by Van C. Gessel, Tomone Matsumoto |
| 250 ## - EDITION STATEMENT | |
| Edition statement | 1st paperback ed |
| 260 ## - PUBLICATION, DISTRIBUTION, ETC. (IMPRINT) | |
| Place of publication, distribution, etc. | Tokyo : |
| Name of publisher, distributor, etc. | Kodansha International, |
| Date of publication, distribution, etc. | 1989 |
| 300 ## - PHYSICAL DESCRIPTION | |
| Pagination | 442 p. ; |
| Size | 21 cm |
| 500 ## - GENERAL NOTE | |
| General note | Translated from Japanese |
| 650 #0 - SUBJECT ADDED ENTRY--TOPICAL TERM | |
| Topical term or geographic name as entry element | English fiction |
| General subdivision | Translations from Japanese |
| 9 (RLIN) | 187892 |
| Topical term or geographic name as entry element | Japanese fiction |
| Chronological subdivision | 20th century |
| General subdivision | Translations into English |
| 9 (RLIN) | 187877 |
| Topical term or geographic name as entry element | Short stories, English |
| General subdivision | Translations from Japanese. |
| 9 (RLIN) | 187893 |
| Topical term or geographic name as entry element | Short stories, Japanese |
| General subdivision | Translations into English. |
| 9 (RLIN) | 187894 |
| 700 1# - ADDED ENTRY--PERSONAL NAME | |
| Personal name | Gessel, Van C. |
| Personal name | Matsumoto, Tomone. |
| 942 ## - ADDED ENTRY ELEMENTS (KOHA) | |
| Source of classification or shelving scheme | Dewey Decimal Classification |
| Koha item type | Books |
| Lost status | Source of classification or shelving scheme | Damaged status | Not for loan | Collection code | Permanent Location | Current Location | Shelving location | Date acquired | Total Checkouts | Full call number | Date last seen | Copy number | Koha item type |
|---|---|---|---|---|---|---|---|---|---|---|---|---|---|
| Dewey Decimal Classification | Not For Loan | Fiction | Central Library, University of Rajshahi | Central Library, University of Rajshahi | Reading Room | 10/07/1994 | 895.630108 SHO 1989 | 28/01/2017 | C-1 | Books |